Fine Arts - Painting | 4 | 3 | 0 | 0 | 90 | 23 | 74.14 | 0 | 1 |
Science - Biology | 3 | 0 | 0 | 0 | 45 | 46 | 49.00 | 0 | 0 |
Literature - World and Miscellaneous | 2 | 0 | 0 | 0 | 30 | 61 | 64.50 | 0 | 2 |
Fine Arts - Miscellaneous | 1 | 1 | 0 | 0 | 25 | 42 | 70.50 | 0 | 1 |
Science - Chemistry | 0 | 2 | 0 | 0 | 20 | 62 | 77.00 | 0 | 0 |
Fine Arts - Photography | 1 | 0 | 0 | 0 | 15 | 53 | 53.00 | 0 | 0 |
History - American | 1 | 0 | 0 | 0 | 15 | 21 | 21.00 | 0 | 0 |
RMP - Hebrew Bible | 1 | 0 | 0 | 0 | 15 | 74 | 74.00 | 0 | 0 |
Social Science - Sociology | 0 | 1 | 0 | 0 | 10 | 93 | 93.00 | 0 | 0 |
Literature - British | 0 | 1 | 0 | 0 | 10 | 107 | 107.00 | 0 | 0 |
Other - Other Academic and General Knowledge | 0 | 1 | 0 | 0 | 10 | 72 | 72.00 | 0 | 0 |
RMP - World Mythology | 0 | 1 | 0 | 0 | 10 | 102 | 102.00 | 0 | 0 |
Science - Earth | 0 | 1 | 0 | 0 | 10 | 123 | 123.00 | 0 | 0 |
Science - Engineering and Miscellaneous | 0 | 1 | 0 | 0 | 10 | 120 | 120.00 | 0 | 0 |
Science - Computer Science | 0 | 0 | 0 | 0 | 0 | | 0.00 | 0 | 0 |
Science - Physics | 0 | 0 | 0 | 0 | 0 | | 0.00 | 0 | 0 |
Fine Arts - Jazz | 0 | 0 | 0 | 0 | 0 | | 0.00 | 0 | 0 |
RMP - Hinduism | 0 | 0 | 0 | 0 | 0 | | 0.00 | 0 | 0 |
Literature - American | 0 | 0 | 0 | 0 | 0 | | 0.00 | 0 | 0 |